Effect of organic mulching on chinese cabbage (brassica chinensis) under dry season condition of royal university of agriculture, ឥទ្ធិពលគំរបសរីរាង្គទៅលើដំណាំស្ពៃតឿក្នុងលក្ខខណ្ឌរដូវប្រាំងនៅសាកលវិទ្យាល័យភូមិន្ទកសិកម្ម (Record no. 7751)
[ view plain ]
| 000 -LEADER | |
|---|---|
| fixed length control field | 00676nam a22001337a 4500 |
| 003 - CONTROL NUMBER IDENTIFIER | |
| control field | OSt |
| 005 - DATE AND TIME OF LATEST TRANSACTION | |
| control field | 20160323103159.0 |
| 008 - FIXED-LENGTH DATA ELEMENTS--GENERAL INFORMATION | |
| fixed length control field | 160323b xxu||||| |||| 00| 0 eng d |
| 040 ## - CATALOGING SOURCE | |
| Transcribing agency | RUA |
| 082 ## - DEWEY DECIMAL CLASSIFICATION NUMBER | |
| Classification number | AGR VA 2009 B470 Or.1 |
| 245 ## - TITLE STATEMENT | |
| Title | Effect of organic mulching on chinese cabbage (brassica chinensis) under dry season condition of royal university of agriculture, ឥទ្ធិពលគំរបសរីរាង្គទៅលើដំណាំស្ពៃតឿក្នុងលក្ខខណ្ឌរដូវប្រាំងនៅសាកលវិទ្យាល័យភូមិន្ទកសិកម្ម |
| 300 ## - PHYSICAL DESCRIPTION | |
| Extent | xi,45p. |
| Other physical details | ill. |
| Dimensions | 29cm. |
| 942 ## - ADDED ENTRY ELEMENTS (KOHA) | |
| Source of classification or shelving scheme | |
| Koha item type | AGR |
| Price effective from | Date last seen | Permanent Location | Not for loan | Date acquired | Source of classification or shelving scheme | Koha item type | Lost status | Withdrawn status | Date last checked out | Total Checkouts | Shelving location | Damaged status | Barcode | Current Location | Full call number |
|---|---|---|---|---|---|---|---|---|---|---|---|---|---|---|---|
| 2016-03-23 | 2018-06-05 | Library Block B | 2016-03-23 | AGR | 2018-05-22 | 3 | B470 | RUA44020 | Library Block B | AGR VA 2009 B470 Or.1 |